书目信息 |
| 题名: |
江阴长江公路大桥钢桥面铺装养护报告
|
|
| 作者: | 饶建辉 , 陈雄飞 主编 | |
| 分册: | ||
| 出版信息: | 北京 人民交通出版社股份有限公司 2018.09 |
|
| 页数: | 99页 | |
| 开本: | 26cm | |
| 丛书名: | ||
| 单 册: | ||
| 中图分类: | U448.14 | |
| 科图分类: | ||
| 主题词: | 公路桥--gong lu qiao--桥面铺装--公路养护--研究报告--江阴 | |
| 电子资源: | ||
| ISBN: | 978-7-114-15006-7 | |
| 000 | 01361nam0 2200301 450 | |
| 001 | CAL 0120182596641 | |
| 005 | 20190128171021.6 | |
| 010 | @a978-7-114-15006-7@dCNY60.00 | |
| 100 | @a20190128d2018 em y0chiy50 ea | |
| 101 | 0 | @achi |
| 102 | @aCN@b110000 | |
| 105 | @aa a 000yy | |
| 106 | @ar | |
| 200 | 1 | @a江阴长江公路大桥钢桥面铺装养护报告@Ajiang yin chang jiang gong lu da qiao gang qiao mian pu zhuang yang hu bao gao@e1999年-2017年@f饶建辉, 陈雄飞主编@Frao jian hui , chen xiong fei zhu bian |
| 210 | @a北京@c人民交通出版社股份有限公司@d2018.09 | |
| 215 | @a99页@c图@d26cm | |
| 300 | @a钢桥面铺装养护蓝皮书 | |
| 312 | @a英文题名取自封面 | |
| 320 | @a有书目 (第98-99页) | |
| 330 | @a本书围绕江阴长江公路大桥钢桥面铺装病害及养护检修工作, 详细分析了大桥的铺装使用条件, 总结了大桥历年来的铺装应用模式, 对铺装典型病害的发展趋势规律进行了归纳分析, 在此基础上介绍了当前钢桥面铺装养护管理现状和病害养护处治工艺, 并就养护技术创新和未来研究方向进行了阐述。 | |
| 510 | 1 | @aMaintenance report for steel deck bridge pavement of Jiangyin Yangtze River bridge@e1999-2017@zeng |
| 586 | @a | |
| 606 | 0 | @a公路桥@Agong lu qiao@x桥面铺装@x公路养护@x研究报告@y江阴 |
| 690 | @aU448.14@v5 | |
| 701 | 0 | @a饶建辉@Arao jian hui@4主编 |
| 701 | 0 | @a陈雄飞@Achen xiong fei@4主编 |
| 801 | 0 | @aCN@c20190128 |
| 905 | @a河南城建学院图书馆@dU448.14@eR076@f2 | |
| 江阴长江公路大桥钢桥面铺装养护报告:1999年-2017年/饶建辉, 陈雄飞主编.-北京:人民交通出版社股份有限公司,2018.09 |
| 99页:图;26cm |
| 钢桥面铺装养护蓝皮书 |
| ISBN 978-7-114-15006-7:CNY60.00 |
| 本书围绕江阴长江公路大桥钢桥面铺装病害及养护检修工作, 详细分析了大桥的铺装使用条件, 总结了大桥历年来的铺装应用模式, 对铺装典型病害的发展趋势规律进行了归纳分析, 在此基础上介绍了当前钢桥面铺装养护管理现状和病害养护处治工艺, 并就养护技术创新和未来研究方向进行了阐述。 |
| ● |
| 相关链接 |
|
|
|
正题名:江阴长江公路大桥钢桥面铺装养护报告
索取号:U448.14/R076
 
预约/预借
| 序号 | 登录号 | 条形码 | 馆藏地/架位号 | 状态 | 备注 |
| 1 | 1408427 | 214084275 | 自科库501/501自科库 54排5列2层/ [索取号:U448.14/R076] | 在馆 | |
| 2 | 1408428 | 214084284 | 自科库501/501自科库 54排5列2层/ [索取号:U448.14/R076] | 在馆 |